| 000 | 00351nam a2200145Ia 4500 | ||
|---|---|---|---|
| 020 | _a0374520704 (pbk.) | ||
| 040 | _cNVC | ||
| 082 | _a917 NOO 1968 A103 Or. | ||
| 100 | 1 | _aWolfe, Tom | |
| 245 | 1 | 4 | _aThe pump house gang |
| 260 |
_aNew York, _bNoonday Press, _c1968, |
||
| 300 |
_ax, 309 p. : _bill. ; _c22 cm |
||
| 650 | 0 | _aSocial status | |
| 942 | _cEK | ||
| 999 |
_c14292 _d14292 |
||